Statistiques concernant Les aliments oranges par images

Cliquez ici pour prendre le quiz!

Statistiques générales

  • Ce quiz a été pris 1 140 fois
    (895 depuis la dernière actualisation)
  • Le résultat moyen est 11 sur 20

Statistiques - réponses

Réponse% Correct
Orange
100%
Melon
99%
Saumon
99%
Carotte
98%
Abricot
94%
Moule
92%
Clémentine
91%
Patate douce
90%
Potiron
57%
Mimolette
55%
Butternut
50%
Kaki
49%
Cheddar
38%
Lentille de corail
33%
Girolle
26%
Kumquat
18%
Curcuma
11%
Haddock
6%
Coqueret du Pérou
3%
Concombre du Kenya
1%

Distribution des résultats

Percentile par nombre de réponses

% des personnes avec chaque résultat

Votre développement - résultats

Vous n’avez pas pris ce quiz depuis la dernière actualisation